SSC Napoli - le grand quiz - Statistiques

Statistiques générales
  • Ce quiz a été pris 71 fois
  • Le résultat moyen est 27 sur 40
Statistiques - réponses
Question Réponse % Correct
Combien de Ligue des Champions a gagné le club ? 0
97%
Combien de championnats a remporté le club napolitain ? 3
92%
Combien de Coupe d’Italie a-t-il remporté ? 6
90%
De quel couleur est le maillot napolitain ? Bleu ciel
87%
Quel buteur uruguayen, surnommé El Matador, rejoint Naples en 2010 ? Edinson Cavani
85%
De quel pays est originaire Kim Min-jae, défenseur ayant joué seulement une saison au club mais a participé à l’obtention du Scudetto ? Corée du Sud
82%
Qui est actuellement l’entraîneur du Napoli ? Antonio Conte
81%
Quel joueur géorgien va exceller lors de cette saison ? Khvicha Kvaratskhelia
81%
Quel excellent buteur africain finira meilleur buteur de Serie A ? Victor Osimhen
81%
Quel accessoire particulier portait-il en match, participant un peu plus à sa légende ? Masque
79%
De quel pays est originaire Piotr Zieliński, milieu pendant 8 ans au club ? Pologne
79%
Quel buteur belge est acheté à Chelsea 30 M€ à l’été 2024 ? Romelu Lukaku
79%
De quel pays est Marek Hamšík, véritable légende du club (joueur au club de 2007 à 2019) ? Slovaquie
79%
Qui est actuellement le meilleur buteur de l’histoire du club avec 148 buts ? Dries Mertens
76%
1984, Diego Maradona arrive au Napoli : dans quel club jouait il auparavant ? FC Barcelone
76%
Quel buteur argentin est transféré contre 90 millions d’euros à la Juventus en 2016 ? Gonzalo Higuaín
76%
Quel jeune crack italien formé au club, fait ses débuts en 2012 avec le club, et y jouera jusqu’en 2022 ? Lorenzo Insigne
76%
Quel compétition européenne le Napoli remporte en 1989 ? Coupe UEFA (Ligue Europa)
69%
Lors du Championnat remporté lors de la saison 2022/23, qui est le coach du club ? Luciano Spalletti
69%
Quel numéro atypique porte t-il ? 77
68%
Qui est le joueur le plus capé de l’histoire du club avec 552 matchs joués ? Marek Hamšík
68%
Quel entraîneur légendaire du football italien est recruté par le club en 2018, mais va malheureusement connaître un passage mitigé ? Carlo Ancelotti
66%
Quel argentin futur joueur du PSG est recruté en 2007 lors de la promotion du club en Serie A ? Ezequiel Lavezzi
65%
Qui est actuellement capitaine ? Giovanni Di Lorenzo
65%
En 2004, lors de la faillite du club, en quelle division celui-ci est rétrogradé ? Serie C (3ème division)
65%
En quelle année le club remporte son premier Scudetto ? 1987
63%
Quel défenseur, s’appelant bonjour en italien, est recruté également ? Alessandro Buongiorno
63%
Qui est actuellement l’équipementier du club ? Emporio Armani 7
63%
Quelle équipe va malheureusement les éliminer ? AC Milan
61%
Qui rachète le club à ce moment-là et en est toujours le président ? Aurelio De Laurentiis
61%
Comment se nomme le stade du club construit en 1959, toujours utilisé aujourd’hui ? Stade Diego Armando Maradona
60%
Quel est le sponsor maillot du club ? MSC Croisières
56%
Quel était son ancien nom avant le changement en 2020 ? Stade San Paolo
55%
Dans quelle région Naples est-elle située ? Campanie
53%
Quelle marque de barres chocolatées est sponsor maillot du club à cette époque ? Mars
52%
Quel célèbre entraîneur italien s’assoit sur le banc du club en 2015, et ce pour 3 ans ? Maurizio Sarri
52%
En quelle année le club a-t-il été fondé ? 1926
50%
Quel frère de Ballon d’or va passer 8 ans au club (de 2006 à 2014) ? Paolo Cannavaro
50%
Quel stade de la Ligue des Champions le club va atteindre pour la première fois de son histoire lors de cette même saison ? Quarts de finale
47%
Contre quelle équipe le club s’impose-t-il en finale ? VfB Stuttgart
24%
Aucun quiz correspondant
Distribution des résultats
% des personnes avec chaque résultat
Percentile par nombre de réponses
Votre historique - résultats
Vous n’avez pas pris ce quiz